Ewige Tabelle des deutschen Profifußballs - Statistiken

Allgemein
  • Dieses Quiz wurde 1.014 mal gespielt
    782 seit der letzten Aktualisierung
  • Das Durchschnittsergebnis liegt bei 95 aus 145
Antwortstatistiken
Platz Verein Punkte % Korrekt
2. Borussia Dortmund 3336
100%
78. Borussia Dortmund II 356
100%
1. FC Bayern München 4149
100%
86. FC Bayern München II 245
100%
3. Werder Bremen 3176
99%
83. Werder Bremen II 264
99%
5. Hamburger SV 3144
98%
6. 1. FC Köln 3078
97%
10. Eintracht Frankfurt 2952
97%
4. VfB Stuttgart 3148
97%
73. VfB Stuttgart II 416
97%
12. Bayer 04 Leverkusen 2746
96%
7. FC Schalke 04 3045
96%
13. Hertha BSC 2742
96%
56. RB Leipzig 753
96%
16. 1. FC Nürnberg 2599
94%
44. 1. FC Union Berlin 982
94%
26. 1. FSV Mainz 05 1777
94%
111. 1. FSV Mainz 05 II 130
94%
8. Borussia Mönchengladbach 3023
94%
30. VfL Wolfsburg 1654
94%
89. FC Bayern Hof 218
93%
23. FC St. Pauli 1976
93%
11. Hannover 96 2775
93%
133. Hannover 96 II 37
93%
18. SC Freiburg 2319
93%
105. SC Freiburg II 150
93%
9. 1. FC Kaiserslautern 3011
92%
41. Dynamo Dresden 1116
92%
42. FC Augsburg 1113
92%
22. Fortuna Düsseldorf 2086
92%
39. Rot-Weiss Essen 1167
92%
20. Eintracht Braunschweig 2259
91%
54. Holstein Kiel 796
91%
50. 1. FC Heidenheim 851
90%
33. Hansa Rostock 1592
90%
51. TSG 1899 Hoffenheim 820
90%
145. TSG 1899 Hoffenheim II 0
90%
17. VfL Bochum 2359
90%
27. Alemannia Aachen 1714
89%
29. SV Waldhof Mannheim 1666
89%
19. TSV 1860 München 2310
89%
25. SpVgg Greuther Fürth 1836
88%
64. 1. FC Magdeburg 543
87%
15. Karlsruher SC 2625
87%
32. 1. FC Saarbrücken 1640
86%
21. Arminia Bielefeld 2148
86%
48. Energie Cottbus 920
86%
55. FC Ingolstadt 04 781
86%
67. SSV Ulm 1846 507
86%
28. SV Darmstadt 98 1687
86%
14. MSV Duisburg 2665
85%
40. Preußen Münster 1116
85%
45. SC Paderborn 07 965
84%
24. VfL Osnabrück 1911
83%
91. SV Elversberg 215
81%
62. FC Carl Zeiss Jena 652
80%
52. SSV Jahn Regensburg 806
80%
65. FC Rot-Weiß Erfurt 530
79%
35. Kickers Offenbach 1302
79%
49. SV Wehen Wiesbaden 918
79%
34. Stuttgarter Kickers 1569
77%
43. FC Erzgebirge Aue 1006
76%
58. Chemnitzer FC 707
75%
88. VfB Lübeck 230
74%
144. SC Tasmania 1900 Berlin 10
73%
37. SpVgg Unterhaching 1187
73%
66. Wuppertaler SV 523
73%
109. 1. FC Schweinfurt 05 141
72%
80. FC Viktoria Köln 310
72%
63. Hallescher FC 617
72%
31. SC Fortuna Köln 1643
72%
102. SC Viktoria Köln 159
72%
85. VfB Oldenburg 250
72%
46. Rot-Weiß Oberhausen 945
71%
47. FC 08 Homburg 931
70%
36. KFC Uerdingen 1297
70%
59. FSV Frankfurt 678
68%
77. Würzburger Kickers 356
68%
69. FSV Zwickau 480
67%
71. KSV Hessen Kassel 461
67%
70. Tennis Borussia Berlin 479
67%
75. Eintracht Trier 375
66%
84. SC Verl 254
66%
61. SpVgg Bayreuth 654
65%
57. SV Sandhausen 718
63%
127. Bonner SC 47
62%
53. SV Meppen 799
60%
38. SG Wattenscheid 09 1171
59%
125. TSV Havelse 48
59%
92. TuS Koblenz 200
59%
72. VfR Aalen 438
59%
93. Borussia Neunkirchen 194
58%
79. VfB Leipzig 312
56%
74. Blau-Weiß 90 Berlin 400
55%
121. DJK Gütersloh 83
53%
110. FC Gütersloh 134
53%
124. Kickers Emden 59
53%
76. Rot Weiss Ahlen 362
51%
107. SV Babelsberg 03 145
51%
136. Sportfreunde Siegen 31
49%
68. Wacker Burghausen 484
49%
113. Sportfreunde Lotte 128
48%
114. Viktoria Aschaffenburg 125
48%
131. FC Viktoria 1889 Berlin 37
46%
60. SG Union Solingen 670
46%
106. SSV Reutlingen 05 148
46%
90. Westfalia Herne 216
46%
96. 1. SC Göttingen 05 189
45%
82. SG Sonnenhof Großaspach 275
44%
81. Wormatia Worms 302
44%
94. Schwarz-Weiß Essen 192
43%
122. OSC Bremerhaven 80
38%
126. Türkgücü München 47
38%
128. FC Hanau 93 40
36%
117. 1. FC Bocholt 97
35%
108. FK Pirmasens 144
35%
135. BSV Stahl Brandenburg 31
34%
95. FC Remscheid 192
34%
129. VfR Heilbronn 40
34%
87. Freiburger FC 237
31%
132. TSR Olympia Wilhelmshaven 37
31%
134. VfR Mannheim 34
31%
120. 1. FC Mülheim 88
28%
143. Spandauer SV 10
27%
101. SV Arminia Hannover 173
27%
119. MTV Ingolstadt 91
26%
112. KSV Baunatal 129
24%
103. Rot-Weiß Lüdenscheid 155
23%
141. FSV Salmrohr 25
22%
99. SC Herford 178
22%
118. ESV Ingolstadt 92
21%
115. SpVgg Erkenschwick 106
21%
97. SV Röchling Völklingen 185
21%
100. FV 04 Würzburg 175
20%
142. BSV 07 Schwenningen 19
19%
116. DSC Wanne-Eickel 97
19%
123. OSV Hannover 75
19%
130. SC Charlottenburg 39
18%
139. TuS Schloß Neuhaus 29
18%
98. VfR Bürstadt 180
18%
104. Wacker 04 Berlin 153
18%
137. Eintracht Bad Kreuznach 31
17%
140. HSV Barmbek-Uhlenhorst 26
17%
138. VfB Eppingen 29
14%
Keine übereinstimmenden Quizze gefunden
Verteilung der Resultate
Anzahl Personen mit jedem Resultat
Perzentil nach korrekt beantworteten Fragen
Ihre Resultats-Entwicklung
Sie haben dieses Quiz seit der letzten Aktualisierung nicht gespielt